| 000 | 00649nam a22001937a 4500 | ||
|---|---|---|---|
| 005 | 20251108163333.0 | ||
| 008 | 250721s2000 xx 000 0 ara d | ||
| 082 | 1 | 4 | _a301.2/جرا |
| 100 | 1 | _aجراد، خليل إبراهيم | |
| 245 | 1 | 0 | _aكيف يتحقق النجاح للفرد و الأسرة و المجتمع و الدولة في الألفية الثالثة / |
| 264 | 1 |
_aعمان : _bدار أسامة للنشر والتوزيع، _c2000. |
|
| 300 | _a94ص. | ||
| 490 | 0 | _aسلسلة كتب النجاح ؛ 2 | |
| 650 | 1 | 7 | _aالأسرة |
| 650 | 1 | 7 | _aالسعادة |
| 650 | 1 | 7 | _aالنجاح |
| 942 |
_2ddc _cBK |
||
| 999 |
_c153 _d153 |
||